| 000 | 00351nam a22001337a 4500 | ||
|---|---|---|---|
| 008 | 250311b |||||||| |||| 00| 0 eng d | ||
| 020 | _a9783333572340538 | ||
| 050 |
_aTK7874.8 _b.N36 |
||
| 100 | _aPuers Robert | ||
| 245 | _aNamoelectronics Materials,Divices, Applications | ||
| 260 |
_aGermany _bWiley VCH _c2017 |
||
| 300 | _aXLVIII,329P | ||
| 942 | _cBK | ||
| 999 |
_c2248 _d2248 |
||